00491nam a2200169 a 45000010014000000030012000140050017000260080041000430200018000840820017001021000028001192450075001472600042002223000014002646500009002780400034002871771650127134YourLibrary20260221103515.0260221s2008##################000#0#eng## a978904112666504a336.243bLAN1 aLang, Michael,eauthor.10aTax Compliance Costs for Companies in an Enlarged European Community : bKluwer Law International B.V.,c2008. a524 pages 0aLaw. aYourLibrarybengcYourLibrary